MATH! - Statistics

General Stats
  • This quiz has been taken 52 times
  • The average score is 11 of 15
Answer Stats
math Answer % Correct
100 + 300 400
100%
1 + 2 3
89%
4 + 3 7
84%
7 - 0 7
84%
7 - 1 6
82%
7 - 2 5
80%
1,000 + 999 0
77%
awwsadme 0
77%
100 - 100 0
77%
200 - 100 100
77%
100 - 200 100
77%
8 + 0 8
77%
2 + 6 8
77%
4 + 9 14
34%
8 + 4 11
32%
No matching quizzes found
Score Distribution
Percent of People with Each Score
Percentile by Number Answered
Your Score History
You have not taken this quiz